000 01154nam a2200325 a 4500
001 000112259
003 CHAP
005 20220329144253.0
008 160119s2015 mx a fsm |||||||spa d
010 _a108720
011 _a109692
040 _cCHAP
090 _aTesis
100 1 _aHernández Solís, Guillermo
_9130474
245 1 0 _aDiagnóstico de equipos de bombeo en pozos profundos en el municipio de Metepec, Hgo./
_h[En línea]
_cpor Guilermo Hernández Solís.
260 _aChapingo, Méx. :
_bEl autor,
_c2015.
500 _aPara ver el contenido del material haga clic en la liga
502 _aTesis (Ing. en Irrigación) -- UACH. Departamento de Irrigación
590 _aE6096MTM
_b05
_c20160119
_lUCH01
_h1451
590 _aE6096MTM
_b05
_c20160119
_lUCH01
_h1455
650 1 4 _aBombeo
_xCostos.
_913626
650 1 4 _aIngeniería hidráulica.
_958235
650 1 4 _aIrrigación
_xImplementos y maquinaria.
_960421
650 1 4 _aPozos para irrigación.
_991210
650 1 4 _aPozos profundos.
_991212
856 _aFinding aid
_uhttp://10.13.5.2/tesis/sist112259.pdf
_zTeclea aquí
901 _aBK
942 _cTESIS
942 _n0
999 _c108720
_d108720